Action Strategies of Start-Ups
Identifikácia typológie start-up stratégií, ktorá by objasnila a spresnila stratégiu začínajúcich podnikov na základe ich skutočného konania.
Salvato in:
| Autore principale: | |
|---|---|
| Altri autori: | |
| Natura: | Capitolo di libro |
| Lingua: | inglese |
| Soggetti: | |
| Tags: |
Nessun Tag, puoi essere il primo ad aggiungerne!!
|
MARC
| LEADER | 00000naa a2200000 4500 | ||
|---|---|---|---|
| 001 | 0296945 | ||
| 005 | 20241204090009.8 | ||
| 041 | 0 | |a eng | |
| 044 | |a LT | ||
| 245 | 1 | 0 | |a Action Strategies of Start-Ups |c Štefan Slávik, Branislav Zagoršek |
| 520 | |a Identifikácia typológie start-up stratégií, ktorá by objasnila a spresnila stratégiu začínajúcich podnikov na základe ich skutočného konania. | ||
| 610 | 2 | 0 | |a start-up |
| 610 | 2 | 0 | |a stratégia obchodná |
| 610 | 2 | 0 | |a stratégia podnikateľská |
| 610 | 2 | 0 | |a faktory výrobné |
| 610 | 2 | 0 | |a analýzy |
| 610 | 2 | 0 | |a činnosť konkurenčná |
| 610 | 2 | 0 | |a odvetvia činnosti ekonomickej |
| 100 | 1 | |a Slávik, Štefan, 1955- | |
| 700 | 1 | |a Zagoršek, Branislav, 1984- | |